000 00569nam a2200229Ia 4500
003 OSt
005 20221005130805.0
006 a|||||r|||| 00| 0
007 ta
008 221004b |||||||| |||| 00| 0 kan d
024 _a60285
037 _cTextual
040 _aCRL
_cCRL
_bkan
041 _2kan
_akan
082 _aSigma:f, 33L3
100 _aMurty Chidananda Au.
_9638670
245 0 _aSamsodhane
260 _c1973
650 _aSOCIAL SCIENCES
942 _hSigma:f, 33L3
_cTEXL
_2cc
999 _c1058419
_d1058419